Новгородский областной словарь. Вып. 4: К (Запись № 7933119)

Подробности
000 -МАРКЕР
контрольное поле 01242nam2a22002411 4500
001 - ИДЕНТИФИКАТОР ЗАПИСИ
контрольное поле rc\219360
005 - ИДЕНТИФИКАТОР ВЕРСИИ
контрольное поле 20250612181005.0
010 ## - МЕЖДУНАРОДНЫЙ СТАНДАРТНЫЙ НОМЕР КНИГИ (ISBN)
Номер (ISBN) 5-89896-013-9
Тираж 1000
035 ## - ДРУГИЕ СИСТЕМНЫЕ НОМЕРА
Идентификатор записи (NLR Aleph) 008772571
100 ## - ДАННЫЕ ОБЩЕЙ ОБРАБОТКИ
Данные общей обработки 20030307d1993 |||y0rusy50 ca
101 0# - ЯЗЫК РЕСУРСА
Язык текста, звукозаписи и т.д. русский
102 ## - СТРАНА ПУБЛИКАЦИИ ИЛИ ПРОИЗВОДСТВА
Страна публикации Российская Федерация
105 ## - ПОЛЕ КОДИРОВАННЫХ ДАННЫХ: ТЕКСТОВЫЕ МАТЕРИАЛЫ, МОНОГРАФИЧЕСКИЕ
Кодированные данные о монографическом текстовом документе y |||||||||
200 1# - ЗАГЛАВИЕ И СВЕДЕНИЯ ОБ ОТВЕТСТВЕННОСТИ
Основное заглавие К
Первые сведения об ответственности [Авт.-сост. к. филол. н., доц. В.П. Строгова]
Последующие сведения об ответственности Гос. ком. Рос. Федерации по высш. образованию. Новгор. гос. ун-т
210 ## - ПУБЛИКАЦИЯ, РАСПРОСТРАНЕНИЕ И ДР.
Имя издателя, распространителя и т. д. Новгор. гос. ун-т
Дата издания, распространения и т.д. 1993
Место издания, распространения и т.д. Б. м.
215 ## - ФИЗИЧЕСКАЯ ХАРАКТЕРИСТИКА
Специфическое обозначение материала и объем 192 с.
461 #0 - УРОВЕНЬ НАБОРА
Встроенное поле 001rc\219356
-- 2001#$aНовгородский областной словарь$fМ-во образования Рос. Федерации. Новгор. обл. пед. ин-т$g[Отв. ред. В.П. Строгова, к. филол. н., доц.]$vВып. 4
Системный номер (АБИС) связанной записи 7816804
Место публикации Новгород
Дата публикации 1992-
Первые сведения об ответственности М-во образования Рос. Федерации. Новгор. обл. пед. ин-т
Имя издателя, распространителя и т.д. Изд-во НГПИ
Заглавие Новгородский областной словарь
Номер тома Вып. 4
801 #0 - ИСТОЧНИК ЗАПИСИ
Страна Российская Федерация
Организация NLR
Правила каталогизации psbo
801 #1 - ИСТОЧНИК ЗАПИСИ
Страна Российская Федерация
Организация ELAR
Источник данных rusmarc
852 ## - МЕСТОНАХОЖДЕНИЕ И ШИФР ХРАНЕНИЯ
Идентификатор организации NLR
Наименование фонда или коллекции (Sub-Location Identifier) С
Шифр хранения (Call Number) К-2/7055
942 ## - ДОПОЛНИТЕЛЬНЫЕ ЭЛЕМЕНТЫ ЗАПИСИ (АБИС)
Тип экземпляра АБИС Книга
980 ## - КОЛЛЕКЦИЯ
Название коллекции Национальная библиография
Экземпляры
Тип экземпляра Дата поступления Библиотека постоянного хранения Библиотека текущего хранения Место хранения Шифр хранения Штрих-код Статус экземпляра
Книга 26.10.2013 РНБ (Московский) РНБ (Московский) Центральная справочная библиотека С К-2/7055 1-2820111